Score 0/28 Timer 10:00
0 Plays Today
Hint Answer % Correct
ZoogdierLeeuwarden
83.3%
ZoogdierBeverwijk
55.6%
Mannetjes ZoogdierOss of Rosmalen of Apeldoorn Osseveld
55.6%
VogelsDuiven of Duivendrecht
55.6%
VogelValkenburg
55.6%
KreeftachtigeKrabbendijke
44.4%
Mannetjes VogelWoerden
44.4%
ZoogdierDen Bosch
40%
VogelsRavenstein
40%
ZoogdierRotterdam
38.9%
ZoogdierWolfheeze of Wolvega
38.9%
VogelDe Vink
33.3%
VogelAlkmaar
30%
Mannetjes ZoogdierReuver
30%
Hint Answer % Correct
VogelBarendrecht
30%
InsectAmsterdam Bijlmer-ArenA
30%
VogelUtrecht Zuilen
30%
Jong ZoogdierLeiden Lammenschans
30%
ZoogdierTilburg Reeshof
30%
VogelLage Zwaluwe
27.8%
VogelVeendam
27.8%
VogelHalfweg-Zwanenburg
22.2%
Mannetjes ZoogdierGramsbergen
20%
VisAalten
20%
ZoogdierNijmegen Goffert
20%
ZoogdierZwijndrecht
16.7%
OnbekendWormerveer
16.7%
Vrouwtjes ZoogdierHindeloopen
11.1%
Remove Ads.
Support Sporcle.
Get the best of Sporcle when you Go Orange. This ad-free experience offers more features, more stats, and more fun while also helping to support Sporcle. Thank you for becoming a member.

You're not logged in!

Compare scores with friends on all Sporcle quizzes.
OR
Log In

Sporcle TV

Today on Sporcle TV


Watch our educational content, quiz creation guides, and fun videos on Sporcle TV.

Show Comments

Extras

Created May 8, 2020ReportNominate
Tags:hebben, namen, Sweet, Van

Top Quizzes Today


Score Distribution

Paid Content

Your Account Isn't Verified!

In order to create a playlist on Sporcle, you need to verify the email address you used during registration. Go to your Sporcle Settings to finish the process.

Report this User

Report this user for behavior that violates our Community Guidelines.

Details: